Analyzing energy-saving options in greenhouse cultivation using a simulation model
Đã lưu trong:
| 主要作者: | |
|---|---|
| 格式: | 圖書 |
| 語言: | Undetermined |
| 出版: |
Wageningen
Wageningen Univ
1996
|
| 主題: | |
| 標簽: |
添加標簽
沒有標簽, 成為第一個標記此記錄!
|
| Thư viện lưu trữ: | Trung tâm Học liệu Trường Đại học Cần Thơ |
|---|
| LEADER | 00544nam a2200181Ia 4500 | ||
|---|---|---|---|
| 001 | CTU_42799 | ||
| 008 | 210402s9999 xx 000 0 und d | ||
| 082 | |a 631.583 | ||
| 082 | |b Z97 | ||
| 100 | |a H F de Zwart | ||
| 245 | 0 | |a Analyzing energy-saving options in greenhouse cultivation using a simulation model | |
| 245 | 0 | |c H F de Zwart | |
| 260 | |a Wageningen | ||
| 260 | |b Wageningen Univ | ||
| 260 | |c 1996 | ||
| 650 | |a greenhouses | ||
| 904 | |i Nguyễn Quang Điền, 010704 | ||
| 980 | |a Trung tâm Học liệu Trường Đại học Cần Thơ | ||